| 000 | 00859nam a2200301 a 4500 | ||
|---|---|---|---|
| 001 | 000110356 | ||
| 003 | CHAP | ||
| 005 | 20220329144128.0 | ||
| 008 | 140820s1994 xxk |r| ||||||eng d | ||
| 010 | _a106818 | ||
| 011 | _a107790 | ||
| 040 | _cCHAP | ||
| 082 | 0 | 4 |
_a581.634 _bL41 |
| 100 | 1 |
_aLawless, Julia _9127901 |
|
| 245 | 1 | 0 |
_aTea tree oil : _bthe new guide to one of nature's most remarkable gifts _bpor julia Lawless. |
| 260 |
_aLondon : _bThorsons, _c1994. |
||
| 300 | _a130 p. | ||
| 590 |
_aE11695DGD _b10 _c20140826 _lUCH01 _h0919 |
||
| 590 |
_aE5995AHE _b05 _c20140820 _lUCH01 _h1342 |
||
| 590 |
_aE5995AHE _b05 _c20140820 _lUCH01 _h1343 |
||
| 650 | 1 | 4 |
_aAntisépticos. _96073 |
| 650 | 1 | 4 |
_aBotánica médica. _914680 |
| 650 | 1 | 4 |
_aMelaleuca alternifolia. _974302 |
| 650 | 1 | 4 |
_aSalud. _9101807 |
| 901 | _aBK | ||
| 942 | _cLIBRO | ||
| 942 | _n0 | ||
| 999 |
_c106818 _d106818 |
||